000 00604nam a2200193Ia 4500
005 20250508162711.0
008 008 250505s9999 xx 000 0 eng d
037 _aBooks to be hide in OPAC
040 _aFEDL
_beng
_cFEDL
041 _aeng
_2eng
084 _a371.425, NCE/O
_qFEDL
100 _aGulati J S
_9773857
245 0 _aOccupational selection and educational preparation
245 0 _cN C E R T
260 _aNew Delhi, India
_bNational Council of Educational Research and Training
_c1978
300 _a193p.
942 _cHB
_h371.425, NCE/O
999 _c1378142
_d1378142